| 000 | 01932cam a2200493 a 4500 | ||
|---|---|---|---|
| 001 | 8144 | ||
| 003 | FISKH | ||
| 005 | 20250828121659.0 | ||
| 008 | 030206s2003 nyua c 000 1 eng | ||
| 010 | _a 2003040106 | ||
| 020 |
_a0385750196 _qtrade |
||
| 020 |
_a0385750307 _qlib. bdg. |
||
| 020 |
_a9780385750196 _q(trade) |
||
| 020 |
_a9780385750301 _q(lib. bdg.) |
||
| 020 | _a9780552572293 | ||
| 040 |
_aDLC _cDLC _dDLC _beng |
||
| 050 | _aPZ7.S1325 V | ||
| 082 | 0 | 0 | _2 823.92 |
| 100 | 1 | _aSaid, S. F. | |
| 245 | 1 | 0 |
_aVarjak Paw / _cS.F. Said ; illustrated by Dave McKean. |
| 260 |
_aNew York : _bDavid Flicking Books, _c2003. |
||
| 300 |
_a254 pages : _billustrations ; _c19 cm |
||
| 336 |
_atext _btxt _2rdacontent |
||
| 337 |
_aunmediated _bn _2rdamedia |
||
| 338 |
_avolume _bnc _2rdacarrier |
||
| 505 | _aJ | ||
| 520 | _aGuided by the spirit of his legendary Mesopotamian ancestor, Jalal, Varjak Paw, a pure-bred cat, leaves his home and pampered existence and sets out to save his family from the evil Gentleman who took away their owner, the Contessa. | ||
| 521 | 8 |
_a500
_bLexile |
|
| 521 | 8 |
_aJ
_bRaz-Plus |
|
| 650 | 1 |
_aCats _vFiction. |
|
| 650 | 1 |
_aFamily life _vFiction. |
|
| 650 | 1 |
_aSnobs and snobbishness _vFiction. |
|
| 650 | 1 |
_aFriendship _vFiction. |
|
| 650 | 1 |
_aHuman-animal relationships _vFiction. |
|
| 650 | 1 |
_aAdventure and adventurers _vFiction. |
|
| 655 | 7 |
_aFiction. _2lcgft _0https://id.loc.gov/authorities/genreForms/gf2014026339 |
|
| 700 | 1 |
_aMcKean, Dave, _eillustrator |
|
| 856 | 4 | 2 |
_3Contributor biographical information _uhttp://www.loc.gov/catdir/bios/random055/2003040106.html |
| 856 | 4 | 1 |
_3Sample text _uhttp://www.loc.gov/catdir/samples/random044/2003040106.html |
| 856 | 4 | 2 |
_3Publisher description _uhttp://www.loc.gov/catdir/description/random0411/2003040106.html |
| 906 |
_a7 _bcbc _corignew _d1 _eocip _f20 _gy-gencatlg |
||
| 942 |
_2ddc _cBK _n0 |
||
| 999 |
_c8144 _d8144 |
||